Największe państwa na literę C - Statystyki

Ogólne statystyki
  • Ten quiz został rozwiązany 34 razy
    20 od ostatniego zresetowania
  • Średni wynik to 5 z 5
Statystyki odpowiedzi
Powierzchnia (km²) Miejsce na świecie
pod względem powierzchni
Państwo % Poprawnych
9 596 960 3 Chiny
95%
78 867 114 Czechy
95%
56 594 124 Chorwacja
89%
1 284 000 20 Czad
89%
756 102 37 Chile
84%
Nie znaleziono quizów pasujących do podanych kryteriów
Rozkład punktacji
Procent ludzi z każdym wynikiem
Percentyl według liczby udzielonych odpowiedzi
Twoja historia wyników
Nie rozwiązałeś tego quizu od ostatniego zresetowania